Carlos Marx : (Record no. 5235)

000 -CABECERA
fixed length control field 00944nam a22002177a 4500
003 - IDENTIFICADOR DEL NÚMERO DE CONTROL
control field AR-CdUCM
008 - DATOS DE LONGITUD FIJA--INFORMACIÓN GENERAL
fixed length control field 190312b ||||| |||| 00| 0 spa d
040 ## - FUENTE DE LA CATALOGACIÓN
Agencia/entidad que catalogó originalmente la obra MUNICIPALIDAD PROVINCIAL DEL CUSCO
Entidad que transcribió la catalogación BIBLIOTECA MUNICIPAL DEL CUSCO
082 ## - NÚMERO DE LA CLASIFICACIÓN DECIMAL DEWEY
No. de Clasificación 921 /
Notacion interna M26E
100 ## - ENTRADA PRINCIPAL--NOMBRE DE PERSONA
Nombre Personal Stepánova, Evguenia
245 ## - MENCIÓN DE TÍTULO
Título Carlos Marx :
Resto del título esbozo biográfico /
260 ## - PUBLICACIÓN, DISTRIBUCIÓN, ETC.
Lugar de publicación, distribución, etc. Moscu :
Nombre de la editorial, distribuidor, etc. Progreso,
Fecha de publicación, distribución, etc. 1982.
300 ## - DESCRIPCIÓN FÍSICA
Nº de Páginas Extensión 134 páginas ;
Dimensiones 16.5 cm.
505 ## - NOTA DE CONTENIDO CON FORMATO
Nota de contenido formateada Contenido: Juventud de Marx. Hacia el mateialismo y el comunismo -- Elaboración de los fundamentos del marxismo ¿. Comienza la lucha por crear un partido obrero -- En las luchas revolucionarias de 1848-1849 -- Sintetización de las enseñanzas de las revoluciones -- En los años de la reacción ...
650 ## - PUNTO DE ACCESO ADICIONAL DE MATERIA--TÉRMINO DE MATERIA
Descriptor Liberación nacional
9 (RLIN) 15869
650 ## - PUNTO DE ACCESO ADICIONAL DE MATERIA--TÉRMINO DE MATERIA
Descriptor Pensamiento humano
9 (RLIN) 15870
650 ## - PUNTO DE ACCESO ADICIONAL DE MATERIA--TÉRMINO DE MATERIA
Descriptor Proletariado
9 (RLIN) 4333
942 ## - ELEMENTOS DE PUNTO DE ACCESO ADICIONAL (KOHA)
Fuente de clasificación
Tipo de item Libros-BMC
945 ## - PROCESAMIENTO DE INFORMACIÓN LOCAL (OCLC)
Catalogador afb
Holdings
Estado de retiro (separado) Fuente de clasificación o esquema de estanterías Estado dañado Ubicación Sala donde se ubica Nombre de la colección Fecha de adquisición o compra Costo, precio normal en soles Signatura topográfica Código de Barras Última vez visto (Koha) Tipo de ítem (Koha)
No     Sala Humanidades Sala Humanidades Book Cart 2019-03-12 10.00 921 / M26E SH0000005681 2019-03-12 Libros-BMC

Powered by Koha